000 00625nam a2200229 a 4500
999 _c958
_d958
008 191113r20072012ii a|||g |||| 001 0 eng d
020 _a9788189866389
_cRs. 215.00
040 _aKO
_beng
041 0 _aeng
044 _aii
082 0 4 _223
_a629.892
_bAp66
100 1 _aK., Appu Kuttan K.
245 1 0 _aRobotics /
_cAppu Kuttan K. K.
260 _aNew Delhi :
_bI. K. International Publishing House Pvt Ltd,
_c2007, reprinted 2012
300 _aix, 321 p. :
_bill. ;
_c24 cm.
504 _aIncludes index.
650 0 _aRobotics
_vTextbooks
650 0 _aMachine theory
904 _aS_JOY
942 _cBK